[Event "XVII Burgas Open"]
[Site "Ourense ESP"]
[Date "2008.07.04"]
[Round "2"]
[White "De Sousa da Silva,A"]
[Black "Arnaudov,G"]
[Result "0-1"]
[WhiteElo "2031"]
[BlackElo "2311"]

1.e4 c5 2.Nf3 Nc6 3.d4 cxd4 4.Nxd4 e6 5.Nc3 Qc7 6.Be2 a6 7.Be3 Nf6 8.f4 Bb4
9.Bf3 d5 10.e5 Ne4 11.Bxe4 dxe4 12.O-O Bxc3 13.bxc3 Na5 14.Qe1 b6 15.Rb1 Nc4
16.Bc1 Bb7 17.Qg3 g6 18.Rb4 Bd5 19.Kh1 O-O-O 20.Be3 f6 21.Ne2 fxe5 22.fxe5 Rhf8
23.Re1 Rf3 24.gxf3 exf3 25.Bf2 fxe2+ 26.Kg1 a5 27.Rbb1 Nd2 28.Bxb6 Qf7 29.Bxd8 Nf3+
30.Kf2 Nxe1+ 31.Bf6 Nf3 32.Kxe2 Qc7 33.Rd1 Qc4+ 34.Rd3 a4 35.Kd1 Qxa2 36.Rxf3 a3
37.c4 Qb1+ 38.Kd2 Qb4+ 39.Kc1 Bxf3 40.Qxf3 Qe1+ 41.Qd1 Qxd1+  0-1

[Event "XVII Burgas Open"]
[Site "Ourense ESP"]
[Date "2008.07.04"]
[Round "2"]
[White "Perez Candelario,Man"]
[Black "Martinez Vecillas,J"]
[Result "1-0"]
[WhiteElo "2537"]
[BlackElo "1851"]

1.e4 c5 2.Nc3 Nc6 3.Nge2 e6 4.d4 cxd4 5.Nxd4 Nge7 6.Ndb5 Ng6 7.Nd6+ Bxd6
8.Qxd6 a6 9.Be3 Qe7 10.O-O-O Qxd6 11.Rxd6 b5 12.Be2 O-O 13.f4 f6 14.g3 Rf7
15.Bh5 f5 16.Rhd1 Nb8 17.exf5 Rxf5 18.Bf3 Nc6 19.Bxc6 dxc6 20.Rd8+ Rf8 21.Bc5 Rxd8
22.Rxd8+ Kf7 23.Ne4 Ne7 24.Ng5+ Kf6 25.Rf8+  1-0

[Event "XIX ch-Panam U18"]
[Site "Villa Carlos Paz ARG"]
[Date "2008.07.04"]
[Round "8"]
[White "Diamant,A"]
[Black "Flores Rios,M"]
[Result "0-1"]
[WhiteElo "2407"]
[BlackElo "2391"]

1.e4 c5 2.Nf3 e6 3.d4 cxd4 4.Nxd4 Nc6 5.Nc3 Qc7 6.Be2 a6 7.O-O Nf6 8.Kh1 Nxd4
9.Qxd4 Bc5 10.Qd3 h5 11.Be3 Ng4 12.Bxg4 hxg4 13.g3 Bxe3 14.Qxe3 Qe5 15.f4 gxf3
16.Qxf3 f6 17.a4 d6 18.Rf2 Bd7 19.Rd1 Bc6 20.Rfd2 O-O-O 21.b4 Kb8 22.Rd4 Rc8
23.Kg1 Rhd8 24.R1d3 Be8 25.Qe3 Rc7 26.Kf2 Rdc8 27.Ke2 Bg6 28.b5 a5 29.Qd2 f5
30.b6 Rc6 31.Nb5 fxe4 32.Rb3  0-1

[Event "Duras GM Teplarny"]
[Site "Brno CZE"]
[Date "2008.07.05"]
[Round "10"]
[White "Talla,V"]
[Black "Philippe,C"]
[Result "1/2-1/2"]
[WhiteElo "2403"]
[BlackElo "2407"]

1.e4 c5 2.Nf3 e6 3.d4 cxd4 4.Nxd4 Nc6 5.Nc3 a6 6.Nxc6 bxc6 7.Bd3 d5 8.O-O Nf6
9.Re1 Be7 10.e5 Nd7 11.Qg4 g6 12.b3 Rb8 13.Na4 c5 14.c4 d4 15.Bh6 Bf8 16.Qf4 Bb7
17.Be4 Bxh6 18.Qxh6 Qe7 19.Bxb7 Rxb7 20.Rad1 Rb8 21.Re4 Qf8  1/2-1/2

[Event "ch-BEL"]
[Site "Eupen BEL"]
[Date "2008.07.05"]
[Round "1"]
[White "Leenaerts,R"]
[Black "Vandevoort,P"]
[Result "1-0"]
[WhiteElo "2161"]
[BlackElo "2409"]

1.e4 c5 2.Nf3 e6 3.d4 cxd4 4.Nxd4 Nc6 5.Nc3 Qc7 6.Be2 a6 7.O-O Nf6 8.Kh1 b5
9.Nxc6 dxc6 10.Qd3 c5 11.f4 c4 12.Qg3 h5 13.e5 h4 14.Qf2 b4 15.exf6 bxc3
16.Bf3 Bb7 17.f5 h3 18.fxe6 hxg2+ 19.Qxg2 Bxf3 20.exf7+ Kxf7 21.Rxf3 g5 22.Rxc3 Rd8
23.Bxg5 Bc5 24.Rxc4 Qd6 25.h4 Bf2 26.Re4 Bg3 27.Re7+ Kf8 28.Qb7 Rh5 29.Rf7+ Kg8
30.Rg7+ Kh8 31.Qf3 Qd5 32.Qxd5 Rxd5 33.Kg2 Bxh4 34.Bxh4 Rxh4 35.Re1 Rd8 36.Kg3 Rh6
37.Re6 a5 38.Kf4 a4 39.Rge7  1-0

[Event "7th Open"]
[Site "La Fere FRA"]
[Date "2008.07.05"]
[Round "1"]
[White "Belloc,S"]
[Black "Blondel,F"]
[Result "1-0"]
[WhiteElo "1804"]
[BlackElo "1664"]

1.e4 c5 2.Nf3 e6 3.d4 cxd4 4.Nxd4 Nc6 5.Nc3 a6 6.Be2 Qc7 7.O-O Bd6 8.g3 b5
9.a3 Nxd4 10.Qxd4 Be5 11.Qd3 Bb7 12.f4 Bd6 13.Be3 Bc5 14.Rad1 Bxe3+ 15.Qxe3 Ne7
16.Qd4 f6 17.Bh5+ g6 18.Bf3 e5 19.Qd6 Qxd6 20.Rxd6 exf4 21.gxf4 f5 22.Rfd1 O-O-O
23.Kf2 fxe4 24.Nxe4 Nf5 25.R6d3 Kc7 26.Rc3+ Kb6 27.Nf6 Bc6 28.Nd5+ Ka7 29.Nb4 Bb7
30.Rc7 Rb8 31.Rdxd7 a5 32.Rxb7+ Rxb7 33.Rxb7+  1-0

[Event "World Open"]
[Site "Philadelphia USA"]
[Date "2008.07.05"]
[Round "6"]
[White "Uesugi,S"]
[Black "Swathi,G"]
[Result "0-1"]
[WhiteElo "2227"]
[BlackElo "2351"]

1.Nf3 c5 2.e4 e6 3.d4 cxd4 4.Nxd4 Nc6 5.Nc3 Nf6 6.Be2 d6 7.Be3 a6 8.a4 Be7
9.O-O O-O 10.f4 Qc7 11.Nb3 b6 12.Bf3 Bb7 13.g4 Rfe8 14.g5 Nd7 15.Bg2 Nb4
16.Rf2 Bf8 17.Rd2 Rad8 18.Ne2 Nc5 19.c3 Nc6 20.Bf2 Ne7 21.Ng3 Ng6 22.Be3 d5
23.e5 Nxb3 24.Qxb3 Bc5 25.Bxc5 Qxc5+ 26.Rd4 Nxf4 27.Kh1 Ng6 28.Re1 Qc7 29.Rb4 Nxe5
30.Rxb6 Ba8 31.Rd1 Rb8 32.Rb4 a5 33.Rxb8 Rxb8 34.Qa2 Qc4 35.Qb1 Qf4 36.Rd4 Qxg5
37.b4 Nc6  0-1

[Event "XVII Burgas Open"]
[Site "Ourense ESP"]
[Date "2008.07.06"]
[Round "4"]
[White "Fernandez de Pablo,M"]
[Black "Viterbo Ferreira,J"]
[Result "1-0"]
[WhiteElo "2232"]
[BlackElo "2002"]

1.e4 c5 2.Nf3 Nc6 3.d4 cxd4 4.Nxd4 e6 5.Nc3 Qc7 6.Be2 a6 7.Be3 Nf6 8.O-O Bb4
9.Na4 Be7 10.Nxc6 bxc6 11.Nb6 Rb8 12.Nxc8 Qxc8 13.e5 Nd5 14.Bc1 c5 15.Qd3 Nb4
16.Qg3 g6 17.Bd1 f5 18.exf6 Bxf6 19.c3 Nd5 20.h4 Ne7 21.h5 Kf7 22.Rb1 Rb6
23.Bc2 Qb8 24.Qf3 Qe5 25.g4 g5 26.Be3 Kg7 27.Rfe1 Qc7 28.h6+ Kf7 29.Bxg5 e5
30.Bh4 Qb7 31.Qxb7 Rxb7 32.g5 Bxg5 33.Bxg5 Rg8 34.Rxe5 d6 35.Bxh7 dxe5 36.Bxg8+ Kxg8
37.Rd1 Nf5 38.b3 Rc7 39.Rd5 Kh7 40.Rxe5 Kg6 41.Bf4 Rc6 42.h7  1-0

[Event "XVII Burgas Open"]
[Site "Ourense ESP"]
[Date "2008.07.06"]
[Round "4"]
[White "Mateus,A"]
[Black "Mateus,F"]
[Result "0-1"]
[WhiteElo "1445"]
[BlackElo "1806"]

1.e4 c5 2.Nf3 e6 3.d4 cxd4 4.Nxd4 Nc6 5.Nc3 Qc7 6.Be3 a6 7.f3 Nf6 8.Qd2 Bb4
9.a3 Be7 10.O-O-O b5 11.h4 b4 12.axb4 Nxb4 13.g4 Rb8 14.h5 Qb7 15.b3 Qc7
16.g5 Ng8 17.Bc4 Qa5 18.Na4 Qxa4  0-1

[Event "XVII Burgas Open"]
[Site "Ourense ESP"]
[Date "2008.07.06"]
[Round "4"]
[White "De Nacimiento Montano,Ang"]
[Black "Filip,L"]
[Result "0-1"]
[WhiteElo "2099"]
[BlackElo "2461"]

1.e4 c5 2.Nf3 e6 3.d4 cxd4 4.Nxd4 Nc6 5.Nc3 Qc7 6.Be2 a6 7.Be3 Nf6 8.O-O Bb4
9.Nxc6 bxc6 10.Na4 Rb8 11.Bd3 d5 12.Nc5 Qe7 13.Nxa6 Bxa6 14.Bxa6 Nxe4 15.Bd3 Nf6
16.a4 Bc5 17.Bxc5 Qxc5 18.a5 Rxb2 19.a6 Ke7 20.Qd2 Qb6 21.Qc3 c5 22.a7 Ra8
23.Ra6 Qb4 24.Qe5 c4 25.Qc7+ Nd7 26.c3 Qb7 27.Qd6+ Ke8 28.Bxh7 Rxa7 29.Rc6 Qb8
30.Re1 Qxd6 31.Rxd6 Nf6 32.Rb1 Nxh7  0-1

[Event "60th ch-MNE Women"]
[Site "Cetinje MNE"]
[Date "2008.07.07"]
[Round "1"]
[White "Mijovic,A"]
[Black "Bubanja,M"]
[Result "1-0"]
[WhiteElo "2180"]
[BlackElo "1753"]

1.e4 c5 2.Nf3 e6 3.d4 cxd4 4.Nxd4 Nc6 5.Nc3 Qc7 6.Be2 a6 7.O-O Nf6 8.Kh1 Nxd4
9.Qxd4 Bc5 10.Qd3 b5 11.f4 Bb7 12.e5 Nd5 13.Nxd5 Bxd5 14.Bf3 Bxf3 15.Qxf3 O-O
16.Qg3 Rfe8 17.c3 d6 18.a4 b4 19.Bd2 Rab8 20.Rac1 Qd7 21.Rfd1 Qxa4 22.cxb4 Bxb4
23.b3 Qb5 24.Bxb4 Qxb4 25.exd6 Red8 26.d7 Qb5 27.Rc7 Qa5 28.Rc4 Rb7 29.Qd3 Rc7
30.Rxc7 Qxc7 31.Qxa6 Qxf4 32.Qc8 Qf6 33.b4 e5 34.b5 e4 35.Qc6 Qe7 36.Ra1 e3
37.Ra8 e2 38.Rxd8+ Qxd8 39.Qe4 e1=Q+ 40.Qxe1 Qxd7 41.b6 g6 42.h3 Qb7 43.Qe8+ Kg7
44.Qe5+ Kg8 45.Qc7 Qe4 46.b7  1-0

[Event "Superfinal Chelyabinsk Oblast"]
[Site "Satka RUS"]
[Date "2008.07.07"]
[Round "2"]
[White "Matsenko,S"]
[Black "Lahno,Kateri"]
[Result "0-1"]
[WhiteElo "2440"]
[BlackElo "2507"]

1.e4 c5 2.Nf3 e6 3.d4 cxd4 4.Nxd4 Nc6 5.Nc3 d6 6.Be2 Nf6 7.O-O Be7 8.Be3 O-O
9.Kh1 d5 10.exd5 exd5 11.Nxc6 bxc6 12.Na4 Ne4 13.c4 Bd6 14.Bf3 Re8 15.g3 Ba6
16.Be2 Bxc4 17.Bxc4 dxc4 18.Qd4 Qc8 19.Nc3 Nxc3 20.bxc3 Qe6 21.Rfd1 Be5 22.Qc5 Bxc3
23.Rac1 Rad8 24.Kg1 Rxd1+ 25.Rxd1 Be5 26.Qxa7 h5 27.Re1 Qd5 28.Bf4 f6 29.Qe3 Re7
30.Rc1 h4 31.gxh4 Bxf4 32.Qxf4 Re4 33.Qb8+ Kh7 34.Qg3 Qd2 35.Rf1 c3 36.h5 Re5
37.Qg6+ Kh8 38.f4 Qd4+ 39.Kg2 Qd5+ 40.Kg3 Re3+ 41.Kh4 Qxa2 42.h3 Qe2 43.Qg1 c2
44.Ra1 Re8 45.Qg6 f5 46.Qxf5 Qd1 47.Qg6 Rf8 48.Qg1 Rxf4+ 49.Kg5 Qxg1+ 50.Rxg1 Rc4
51.Rc1 Kh7 52.h6 g6  0-1

[Event "60th ch-MNE"]
[Site "Cetinje MNE"]
[Date "2008.07.08"]
[Round "2"]
[White "Batricevic,S"]
[Black "Kontic,D"]
[Result "0-1"]
[WhiteElo "2232"]
[BlackElo "2339"]

1.e4 c5 2.Nf3 e6 3.d4 cxd4 4.Nxd4 Nc6 5.Nc3 a6 6.Be3 Nf6 7.Qf3 d5 8.Nxc6 bxc6
9.Bd4 dxe4 10.Qe3 c5 11.Bxf6 gxf6 12.Rd1 Qc7 13.Nxe4 Be7 14.Be2 Rb8 15.b3 Bb7
16.Bf3 Qe5 17.Ke2 a5 18.c4 a4 19.Nd2 Bxf3+ 20.gxf3 axb3 21.axb3 Rg8 22.Qe4 Qxe4+
23.fxe4 Bd6 24.Ke3 Be5 25.Rhg1 Rg6 26.Rxg6 hxg6 27.f4 Bc3 28.Rb1 Rd8 29.Nf3 e5
30.f5 Ke7 31.Rc1 Bd4+ 32.Ke2 Rh8 33.h4 g5 34.Rh1 g4 35.Nxd4 exd4 36.Kd3 Kd6
37.b4 Ra8 38.h5 Ra3+ 39.Kd2 Rh3 40.Rg1 cxb4 41.Rxg4 Kc5 42.Rg8 d3 43.h6 Kd4
44.c5 Rh2+ 45.Ke1 Kxc5 46.h7 Rxh7 47.Kd2 Kd4 48.Rd8+ Kxe4 49.Re8+ Kxf5 50.Kxd3 Rh3+
51.Kd4 b3 52.Rg8 b2 53.Rb8 Rh2 54.Ke3 Ke6  0-1

[Event "XVII Burgas Open"]
[Site "Ourense ESP"]
[Date "2008.07.08"]
[Round "6"]
[White "Dimitrov,Vl"]
[Black "Filip,L"]
[Result "1/2-1/2"]
[WhiteElo "2450"]
[BlackElo "2461"]

1.e4 c5 2.Nf3 e6 3.d4 cxd4 4.Nxd4 Nc6 5.Nc3 Qc7 6.Be2 a6 7.O-O Nf6 8.Be3 Bb4
9.Na4 O-O 10.c4 Bd6 11.g3 Nxe4 12.Bf3 f5 13.c5 Be5 14.Bxe4 fxe4 15.a3 Rb8
16.Rc1 Bf6 17.Nxc6 dxc6 18.Qb3 Qf7 19.Nb6 e5 20.Qxf7+ Kxf7 21.Nxc8 Rbxc8
22.Rc4 Rfd8 23.Rxe4 Rd3 24.Rb4 Rc7  1/2-1/2

[Event "XVII Burgas Open"]
[Site "Ourense ESP"]
[Date "2008.07.08"]
[Round "6"]
[White "Garcia Ortega Mendez,J"]
[Black "Arnaudov,G"]
[Result "0-1"]
[WhiteElo "2196"]
[BlackElo "2311"]

1.e4 c5 2.Nf3 Nc6 3.Nc3 e6 4.d4 cxd4 5.Nxd4 Qc7 6.Be2 a6 7.Be3 Nf6 8.O-O Bb4
9.Nxc6 bxc6 10.Na4 Rb8 11.Bd3 d5 12.Nc5 O-O 13.Nxa6 Bxa6 14.Bxa6 Nxe4 15.Bd3 Bd6
16.Bxe4 dxe4 17.g3 Rxb2 18.Qd4 Rb4 19.Qc3 Ra4 20.Rad1 Be5 21.Qb3 Qa5 22.Qb7 Rc4
23.Rd2 h5 24.Rfd1 Rb8 25.Qd7 Bf6 26.h4 Rd8 27.Qa7 Ra8 28.Qb7 Rf8 29.c3 Rxc3
30.Rd7 Qxa2 31.Rc7 Rd3 32.Rf1 Qd5 33.Qxc6 Bd4 34.Bxd4 Qxd4  0-1

[Event "5th Sth Wales Int"]
[Site "Trefforst WLS"]
[Date "2008.07.08"]
[Round "5"]
[White "White,Mi"]
[Black "Bernhardsson,S"]
[Result "0-1"]
[WhiteElo "2289"]
[BlackElo "2097"]

1.e4 c5 2.Nf3 e6 3.d4 cxd4 4.Nxd4 Nc6 5.Nc3 a6 6.Be3 Qc7 7.Qd2 Nf6 8.O-O-O Bb4
9.f3 d5 10.Nde2 dxe4 11.a3 Be7 12.fxe4 O-O 13.Ng3 b5 14.Bd3 b4 15.axb4 Bxb4
16.Kb1 Rb8 17.Rhf1 Ne5 18.Nge2 Rd8 19.Qe1 Ba3 20.Bc1 Qb7 21.Bb5 Rxd1 22.Qxd1 Bd7
23.bxa3 Bxb5 24.Ka1 Nxe4 25.Nxe4 Qxe4 26.Ng3 Qb7 27.Bf4 Bxf1 28.Bxe5 Bxg2
29.Bxb8 Qxb8 30.Qd4 f6 31.Ka2 Qc7 32.c4 Bb7 33.a4 Kf7 34.Kb3 Bc8 35.Ne4 Bd7
36.Nc5 Qb6+ 37.Kc3 Be8 38.Nxe6 Qxe6 39.Qa7+  0-1

[Event "5th Sth Wales Int"]
[Site "Trefforst WLS"]
[Date "2008.07.08"]
[Round "6"]
[White "Hurn,R"]
[Black "Harley Yeo,G"]
[Result "1-0"]
[WhiteElo "1907"]
[BlackElo "2077"]

1.e4 c5 2.Nf3 e6 3.d4 cxd4 4.Nxd4 Nc6 5.Nc3 a6 6.Be3 Qc7 7.Qd2 Nf6 8.O-O-O Bb4
9.f3 Ne7 10.Nde2 d5 11.exd5 Nfxd5 12.Bg5 b5 13.Qd4 f6 14.Bd2 Bc5 15.Qg4 O-O
16.h4 Ne3 17.Bxe3 Bxe3+ 18.Kb1 f5 19.Qb4 Bc5 20.Qb3 Nc6 21.Nd5 Qa7 22.Ndf4 Na5
23.Qc3 b4 24.Qd3 Kh8 25.h5 Re8 26.h6 Qf7 27.hxg7+ Qxg7 28.Nh5 Qf7 29.Neg3 Nb7
30.Qc4 Qe7 31.Qf4 Bd6 32.Qh6 Rf8 33.Bc4 Bxg3 34.Nxg3 Nd6 35.Rxd6 Rf6 36.Qd2 Rg6
37.Rd8+ Kg7 38.Nh5+ Kf7 39.Rh8  1-0

[Event "ch-PHI Finals"]
[Site "Mandaluyong PHI"]
[Date "2008.07.09"]
[Round "11"]
[White "So,W"]
[Black "Bitoon,R"]
[Result "1-0"]
[WhiteElo "2577"]
[BlackElo "2439"]

1.e4 c5 2.Nf3 e6 3.d4 cxd4 4.Nxd4 Nc6 5.Nc3 Qc7 6.f4 d6 7.Be3 Nf6 8.Qf3 Be7
9.O-O-O a6 10.Rg1 O-O 11.g4 Nd7 12.g5 b5 13.f5 Nde5 14.Qf2 Re8 15.Bh3 Bf8
16.Nce2 Bd7 17.Nf4 Nxd4 18.Bxd4 Rac8 19.g6 hxg6 20.fxe6 fxe6 21.Kb1 g5 22.Rxg5 Nf3
23.Rg6 d5 24.Nh5 Kh7 25.Rg2 Nxd4 26.Qh4 Kg8 27.Nxg7 Kf7 28.Rf1+  1-0

[Event "60th ch-MNE"]
[Site "Cetinje MNE"]
[Date "2008.07.10"]
[Round "4"]
[White "Djukic,Ni"]
[Black "Kontic,D"]
[Result "0-1"]
[WhiteElo "2545"]
[BlackElo "2339"]

1.e4 c5 2.Nf3 e6 3.d4 cxd4 4.Nxd4 Nc6 5.Nc3 a6 6.Be2 Qc7 7.Be3 Nf6 8.a3 Be7
9.f4 d6 10.g4 d5 11.e5 Ne4 12.Nxe4 dxe4 13.O-O O-O 14.c3 Bd7 15.Qb1 Nxd4
16.cxd4 Bc6 17.Bc4 Rfd8 18.f5 Qd7 19.Qa2 Bg5 20.Bxg5 Qxd4+ 21.Kg2 e3+ 22.Kh3 Qxe5
23.Bxd8 Rxd8 24.Rad1 Rxd1 25.Rxd1 h5 26.Be2 hxg4+ 27.Bxg4 e2 28.Rd8+ Kh7
29.Bxe2 Qe3+ 30.Kh4 Qf2+ 31.Kh3 Bg2+  0-1

[Event "36th TCh-GRE"]
[Site "Kallithea Halkidiki GRE"]
[Date "2008.07.10"]
[Round "7"]
[White "Papadopoulos,I"]
[Black "Ivanisevic,I"]
[Result "0-1"]
[WhiteElo "2490"]
[BlackElo "2664"]

1.e4 c5 2.Nf3 e6 3.d4 cxd4 4.Nxd4 Nc6 5.Nc3 Qc7 6.Be2 Nf6 7.Be3 Be7 8.O-O O-O
9.Kh1 d6 10.f4 Nxd4 11.Qxd4 b6 12.Bf3 Bb7 13.Rad1 Rfd8 14.Bf2 d5 15.e5 Ne4
16.Bxe4 dxe4 17.Qe3 Qc4 18.Qe2 Qxe2 19.Nxe2 Ba6  0-1

[Event "36th TCh-GRE"]
[Site "Kallithea Halkidiki GRE"]
[Date "2008.07.10"]
[Round "7"]
[White "Markidis,K"]
[Black "Iotov,V"]
[Result "1/2-1/2"]
[WhiteElo "2315"]
[BlackElo "2519"]

1.e4 c5 2.Nf3 e6 3.d4 cxd4 4.Nxd4 Nc6 5.Nc3 Qc7 6.g3 a6 7.Bg2 Nf6 8.O-O d6
9.Re1 Nd7 10.Nxc6 bxc6 11.b3 Be7 12.Bb2 O-O 13.Nb1 Bb7 14.Nd2 Rad8 15.Rc1 c5
16.Nc4 Bf6 17.Bxf6 Nxf6 18.Qe2 d5 19.e5 Ne8 20.Ne3 Qxe5 21.Nxd5 Qxe2 22.Ne7+ Kh8
23.Rxe2 Bxg2 24.Kxg2 Nf6 25.Nc6 Rd6 26.Ne5 Kg8 27.Nc4 Rd5 28.Nb6 Rd6 29.Nc4 Rd4
30.c3 Rd3 31.Ne5 Rd6 32.Rcc2 Rfd8 33.Nc4 Rd3 34.Ne5 Rd1 35.c4 Kf8 36.h3 Ne8
37.Nf3 Ke7 38.Rcd2 f6 39.Rxd8 Rxd8 40.Rd2 Nd6 41.Ne1 a5 42.g4 a4 43.bxa4 Ra8
44.Nd3 Rxa4 45.Nxc5 Rxc4 46.Nb3 e5 47.Rb2 Ke6 48.Nd2 Ra4 49.Nb1 e4 50.Nc3 Ra3
51.Rb3 Rxb3 52.axb3 Ke5 53.Ne2 g6 54.Kg3 Nb5 55.h4 Nc7 56.b4 g5  1/2-1/2

[Event "XVII Burgas Open"]
[Site "Ourense ESP"]
[Date "2008.07.10"]
[Round "8"]
[White "Palacios Gonzalez,M"]
[Black "Pena Lodeiro,J"]
[Result "1-0"]
[WhiteElo "1588"]
[BlackElo "1809"]

1.e4 c5 2.Nc3 e6 3.Nge2 Nc6 4.d4 cxd4 5.Nxd4 Nf6 6.Ndb5 d6 7.Bf4 e5 8.Bg5 Be6
9.Bxf6 gxf6 10.Nd5 Bxd5 11.Qxd5 a6 12.Nc3 Qd7 13.Qd2 Ne7 14.O-O-O Rd8 15.Bc4 Bg7
16.Kb1 b5 17.Be2 f5 18.f3 O-O 19.exf5 Nxf5 20.g4 Nd4 21.g5 d5 22.Rdg1 b4
23.Nd1 a5 24.Ne3 a4 25.Ng4 Kh8 26.Nf6 Qc6 27.Nh5 Rc8 28.Bd1 Qg6 29.Nxg7 Kxg7
30.Qd3 Qc6 31.f4 b3 32.c3 bxa2+ 33.Kxa2 Ne6 34.f5 Nc5 35.f6+ Kh8 36.Qh3 Qe6
37.Bg4 Qa6 38.Bf5 Qc4+ 39.Kb1 Qe4+ 40.Bxe4 Nxe4 41.Qh6 Rg8 42.Rg4 Rg6 43.Qh4 Nd2+
44.Kc2 Nf3 45.Qg3 e4 46.Rd1 a3 47.b3 a2 48.Kb2 Ra8 49.Ra1 Ne5 50.Qxe5 Rgg8
51.Qf5 e3 52.Rh4 Rg6 53.Rh6 e2 54.Rxg6 fxg6 55.Qe5  1-0

[Event "XVII Burgas Open"]
[Site "Ourense ESP"]
[Date "2008.07.10"]
[Round "8"]
[White "De Nacimiento Montano,Ant"]
[Black "Filip,L"]
[Result "0-1"]
[WhiteElo "2045"]
[BlackElo "2461"]

1.e4 c5 2.Nf3 e6 3.d4 cxd4 4.Nxd4 Nc6 5.Nc3 Qc7 6.Be2 Nf6 7.Be3 a6 8.O-O Bb4
9.Na4 O-O 10.Nxc6 bxc6 11.Nb6 Rb8 12.Nxc8 Rfxc8 13.Bxa6 Rf8 14.Bd3 Bd6 15.g3 Be5
16.a4 Bxb2 17.Ra2 Bc3 18.Bd2 Bxd2 19.Qxd2 c5 20.c3 c4 21.Bc2 d6 22.a5 Ra8
23.Rfa1 Ra6 24.Qe2 Rfa8 25.e5 dxe5 26.Ra4 Rxa5 27.Rxa5 Rxa5 28.Rxa5 Qxa5
29.Qxc4 g6 30.Bd3 Nd5 31.Qc8+ Kg7 32.c4 Qe1+ 33.Bf1 Nc3 34.Qb8 Nd1 35.Qb6 Qd2
36.Qc5 Kf6 37.h4 h6 38.Kg2 e4 39.g4 g5 40.hxg5+ hxg5 41.Kg1 e3 42.fxe3 Qf2+  0-1

[Event "5th Sth Wales Int"]
[Site "Trefforst WLS"]
[Date "2008.07.10"]
[Round "9"]
[White "White,Mi"]
[Black "Rayner,F"]
[Result "1-0"]
[WhiteElo "2289"]
[BlackElo "2207"]

1.e4 c5 2.Nf3 e6 3.d4 cxd4 4.Nxd4 Nc6 5.Nc3 Qc7 6.Be3 a6 7.Qd2 Nf6 8.O-O-O Bb4
9.f3 Ne5 10.Nb3 b5 11.Qe1 Be7 12.f4 Nc4 13.e5 Ng4 14.Bd4 O-O 15.h3 Nh6 16.g4 Bb7
17.Rg1 f6 18.exf6 Qxf4+ 19.Kb1 gxf6 20.Bxc4 bxc4 21.g5 fxg5 22.Be3 Qc7 23.Bxg5 Bxg5
24.Rxg5+ Kh8 25.Rxd7 Qf4 26.Rgg7 Nf7 27.Nc5 Bd5 28.Nxd5 exd5 29.a4 Rfe8 30.Qc3 d4
31.Rxd4 Qe5 32.Rg1 Rg8 33.Rxg8+ Rxg8 34.Rxc4 Rg3 35.Qxe5+ Nxe5 36.Re4 Nf3
37.Ka2 Rxh3 38.b4 h5 39.b5 axb5 40.axb5 Rg3 41.b6 Rg8 42.b7 h4 43.Rf4  1-0

[Event "XXVIII Open"]
[Site "Benasque ESP"]
[Date "2008.07.11"]
[Round "9"]
[White "Aroshidze,L"]
[Black "Delchev,A"]
[Result "1/2-1/2"]
[WhiteElo "2547"]
[BlackElo "2618"]

1.e4 c5 2.Nf3 e6 3.d4 cxd4 4.Nxd4 Nc6 5.Nc3 Qc7 6.Be2 a6 7.O-O Nf6 8.Be3 Bb4
9.Na4 Be7 10.Nxc6 bxc6 11.Nb6 Rb8 12.Nxc8 Qxc8 13.Bd4 Qc7 14.e5 Nd5 15.c4 Nf4
16.Bf3 O-O 17.g3 Ng6 18.Qe2 c5 19.Bc3 f6 20.exf6 Bxf6 21.Bxf6 gxf6 22.Rad1 Ne5
23.Bg2 f5 24.Rd2 f4 25.Qe4 Nc6 26.b3 Nd4 27.Rxd4 cxd4 28.Qxd4 d6 29.Be4 Qc5
30.Qd3 Rf7 31.Kg2 f3+ 32.Kg1 Rbf8 33.Re1 Qa5 34.Re3 Qxa2 35.Bxf3 Qb2 36.Kg2  1/2-1/2

[Event "Inautomarket Open"]
[Site "Minsk BLR"]
[Date "2008.07.11"]
[Round "2"]
[White "Akatova,E"]
[Black "Kalegin,E"]
[Result "0-1"]
[WhiteElo "2303"]
[BlackElo "2495"]

1.e4 c5 2.Nf3 e6 3.d4 cxd4 4.Nxd4 Nc6 5.Nc3 a6 6.g3 d6 7.Bg2 Bd7 8.O-O Be7
9.a4 Nf6 10.Nb3 Na5 11.Nxa5 Qxa5 12.Be3 O-O 13.f4 Bc6 14.f5 e5 15.Nd5 Bxd5
16.exd5 Rac8 17.c3 Rfe8 18.g4 h6 19.h4 Rc4 20.g5 Ng4 21.Bd4 h5 22.Qb3 Qc7
23.Bb6 Qc8 24.Rae1 Bd8 25.Re4 Rc5 26.Bf3 Bxb6 27.Qxb6 Qd7 28.Bxg4 hxg4 29.c4 Qxa4
30.b3 Qd7 31.Kg2 a5 32.Kg3 Ra8 33.b4 axb4 34.Qxb4 Ra4 35.Qb3 b5 36.g6 Raxc4
37.Rxc4 bxc4 38.Qb8+ Rc8 39.Qb4 Qe7 40.Kxg4 c3 41.Qe4 c2 42.Rc1 Qc7 43.gxf7+ Kxf7
44.Kg5 Qc3 45.Kh5 Qg3  0-1

[Event "Inautomarket Open"]
[Site "Minsk BLR"]
[Date "2008.07.11"]
[Round "2"]
[White "Frolochkin,V"]
[Black "Teterev,V"]
[Result "0-1"]
[WhiteElo "2311"]
[BlackElo "2504"]

1.e4 c5 2.Nf3 Nc6 3.d4 cxd4 4.Nxd4 e6 5.Nc3 Qc7 6.g3 a6 7.Bg2 d6 8.O-O Bd7
9.Re1 Be7 10.Nxc6 Bxc6 11.Qg4 h5 12.Qe2 h4 13.a4 Nf6 14.a5 hxg3 15.hxg3 Kf8
16.Be3 Re8 17.b3 Bd7 18.Bd2 Rh5 19.b4 g6 20.Bf3 Rh7 21.Rab1 Kg7 22.Rb3 e5
23.Rc1 Reh8 24.Nd1 Bc6 25.c4 Nxe4 26.Qxe4 Bxe4 27.Bxe4 Qd7 28.b5 Rh2 29.Kf1 axb5
30.cxb5 d5 31.Bg2 Rxg2 32.Kxg2 Qh3+ 33.Kf3 Qh5+ 34.Ke3 Bg5+ 35.Kd3 e4+ 36.Kc3 Rc8+
37.Kb2 Rxc1 38.Bxc1 Qe2+  0-1

[Event "19th Czech Oce Open"]
[Site "Pardubice CZE"]
[Date "2008.07.11"]
[Round "3"]
[White "Petr,Ma"]
[Black "Vorobiov,E"]
[Result "0-1"]
[WhiteElo "2451"]
[BlackElo "2550"]

1.e4 c5 2.Nf3 e6 3.d4 cxd4 4.Nxd4 Nc6 5.Nc3 d6 6.Be2 Nf6 7.O-O Be7 8.Kh1 O-O
9.f4 Qc7 10.g4 d5 11.exd5 Nxd4 12.Qxd4 Rd8 13.Be3 b6 14.Bf3 Bb7 15.Qa4 exd5
16.g5 Ng4 17.Bg1 d4 18.Ne4 Rac8 19.Rae1 Qxf4 20.h3 Bc6 21.Nf6+ Nxf6 22.Bxc6 Qxg5
23.Rxe7 Qc5 24.Rxa7 Rxc6 25.Qb3 Rc7 26.Rxc7 Qxc7 27.Qf3 h6 28.Bh2 Qe7 29.Bg3 Ne4
30.Bf4 g5 31.Qg4 d3 32.cxd3 Rxd3 33.Bh2 Qb7 34.Kg1 b5 35.Qf5 Qd5 36.Qxd5 Rxd5
37.Rc1 Kg7 38.Bb8 Kg6 39.b3 Rd2 40.a4 bxa4 41.bxa4 Ra2 42.Rc4 Nd2 43.Rb4 Nf3+
44.Kf1 h5 45.Bc7 f5 46.a5 g4 47.hxg4 hxg4 48.Rb6+ Kg5 49.a6 f4 50.Rb5+ Kh4
51.Ra5 Rc2 52.Bxf4 g3  0-1

[Event "Superfinal Chelyabinsk Oblast"]
[Site "Satka RUS"]
[Date "2008.07.11"]
[Round "6"]
[White "Ponkratov,P"]
[Black "Lahno,Kateri"]
[Result "1/2-1/2"]
[WhiteElo "2530"]
[BlackElo "2507"]

1.Nc3 c5 2.e4 e6 3.Nf3 Nc6 4.d4 cxd4 5.Nxd4 d6 6.Be3 Nf6 7.Be2 Be7 8.O-O O-O
9.f4 e5 10.Nxc6 bxc6 11.Qe1 exf4 12.Rxf4 Nd7 13.Bc4 Ne5 14.Bb3 Bg5 15.Rf1 Bxe3+
16.Qxe3 Qb6 17.Rfe1 Qxe3+ 18.Rxe3 Rb8 19.Rd1  1/2-1/2

[Event "ch-NOR Elite"]
[Site "Tonsberg NOR"]
[Date "2008.07.11"]
[Round "7"]
[White "Tjomsland,S"]
[Black "Breivik,L"]
[Result "1-0"]
[WhiteElo "2279"]
[BlackElo "2265"]

1.e4 c5 2.Nf3 e6 3.d4 cxd4 4.Nxd4 Nc6 5.Nc3 Qc7 6.g3 a6 7.Bg2 Nf6 8.O-O Bc5
9.Nxc6 bxc6 10.Na4 Be7 11.c4 d5 12.exd5 cxd5 13.Bg5 Bb7 14.Bxf6 Bxf6 15.cxd5 Rd8
16.Rc1 Qa5 17.a3 Qb5 18.Rc5 Qd7 19.Qc2 Bxd5 20.Bxd5 exd5 21.Re1+ Kf8 22.Nb6 Qb7
23.Nxd5 Qxb2 24.Qf5 Qd2 25.Re3 Qd1+ 26.Kg2 Qd4 27.Rc8 g6 28.Rxd8+ Bxd8 29.Qf3 Kg7
30.Rb3 Rf8 31.Rb7 Qe5 32.Nf4 Re8 33.Nh5+ Kh8 34.Qxf7 Qe4+ 35.Kh3 Qe6+ 36.Qxe6 Rxe6
37.Nf4 Rd6 38.Rb8 Kg8 39.Ne6 Rxe6 40.Rxd8+ Kg7 41.Rd7+ Kg8 42.Ra7 h6 43.f4 Rc6
44.Kg4 Rd6 45.a4 Rc6 46.h4 Rd6 47.a5 Kf8 48.h5 Kg8 49.Rb7 Rd5 50.hxg6 Rxa5
51.f5 Rb5 52.Ra7 a5 53.Kf4  1-0

[Event "XXVIII Open"]
[Site "Benasque ESP"]
[Date "2008.07.12"]
[Round "10"]
[White "Zambrana,O"]
[Black "Kovalyov,A"]
[Result "1/2-1/2"]
[WhiteElo "2458"]
[BlackElo "2548"]

1.e4 c5 2.Nf3 e6 3.d4 cxd4 4.Nxd4 Nc6 5.Nc3 a6 6.Be3 Nf6 7.f4 Bb4 8.Bd3 e5
9.Nxc6 dxc6 10.f5 Nxe4 11.Qg4 Nxc3 12.Qxb4 Nd5 13.Qe4 Bxf5 14.Qxe5+ Qe7 15.Qxe7+ Nxe7
16.Bxf5 Nxf5 17.Bb6 h5 18.O-O Ne7 19.Rae1 Rh6 20.Rf5 Re6 21.Rxe6 fxe6 22.Rxh5 Kf7
23.c4 Ng6 24.Rh3 Ne5 25.b3 Nd7 26.Be3 b5 27.Rh4 e5 28.Kf2 Nf6 29.Ke2 Ke6
30.Bd2 Kf5 31.Rh3 a5 32.Rf3+ Ke6 33.Rg3 Ra7 34.Rd3 a4 35.Bb4 axb3 36.axb3 bxc4
37.bxc4 Ra4 38.Bf8 Nh5 39.Rc3 Kf5 40.Ba3 Nf4+ 41.Kf2 g5 42.h3 g4 43.hxg4+ Kxg4
44.Ke3 Kf5 45.g3 Ne6 46.g4+ Kf6 47.Ke4 Ng5+ 48.Kd3 Ne6 49.Ke4 Ng5+ 50.Kd3 Ne6
51.Bc1  1/2-1/2

[Event "60th ch-MNE Women"]
[Site "Cetinje MNE"]
[Date "2008.07.12"]
[Round "6"]
[White "Stojanovic,Mari"]
[Black "Misovic,S"]
[Result "1/2-1/2"]
[WhiteElo "2189"]
[BlackElo "1914"]

1.e4 c5 2.Nf3 e6 3.d4 cxd4 4.Nxd4 Nc6 5.Nc3 Qc7 6.Be2 a6 7.O-O Nf6 8.Kh1 Bb4
9.f3 O-O 10.Nxc6 bxc6 11.Bg5 d5 12.Bd3 Qa5 13.e5 Nd7 14.f4 f6 15.exf6 Nxf6
16.Ne2 Ng4 17.Nd4 e5 18.Nxc6 Qb6 19.Nxb4 Qxb4 20.f5 Nf6 21.b3 Ne4 22.Be7  1/2-1/2

[Event "Heart of Finland"]
[Site "Jyvaskyla FIN"]
[Date "2008.07.12"]
[Round "2"]
[White "Jarvenpaa,J"]
[Black "Norri,J"]
[Result "1/2-1/2"]
[WhiteElo "2090"]
[BlackElo "2353"]

1.e4 c5 2.Nf3 e6 3.d4 cxd4 4.Nxd4 Nc6 5.Nc3 d6 6.Be2 Nf6 7.Be3 Be7 8.f4 a6
9.O-O O-O 10.Bf3 Qc7 11.Qe2 Nxd4 12.Bxd4 e5 13.fxe5 dxe5 14.Bf2 b5 15.Kh1 b4
16.Nd1 a5 17.Re1 Ba6 18.Qd2 Rfd8 19.Qc1 Bc5 20.Bh4 Rd6 21.Ne3 Bxe3 22.Rxe3 Rc8
23.c3 Qb6 24.Qe1 bxc3 25.Rxc3 Qxb2 26.Rxc8+ Bxc8 27.Rd1 Rxd1 28.Qxd1 Qb6
29.h3 Bb7 30.Bg3 Nxe4 31.Bxe4 Bxe4 32.Bxe5 f6 33.Bg3 Qe6 34.Kh2 h6 35.Qd8+ Kh7
36.Qxa5 g5 37.Qd2 Bc6 38.Qc2+ Kg7 39.a4 h5 40.a5 h4 41.Bc7 Qd7 42.Bb8 Qb7
43.Bd6 Be4 44.Qc7+ Qxc7  1/2-1/2